[Event "Team men HL chess 2016"]
[Site "Sochi"]
[Date "2016.05.02"]
[Round "2.5"]
[White "Yevseev, Denis"]
[Black "Kayukov, Kirill"]
[Result "1-0"]
[WhiteElo "2526"]
[BlackElo "2166"]
[PlyCount "115"]
[EventDate "2016.05.01"]

1. Nf3 e6 2. g3 d5 3. Bg2 Nf6 4. O-O Be7 5. c4 O-O 6. d4 c5 7. cxd5 exd5 8. Nc3
Nc6 9. dxc5 Bxc5 10. Bg5 d4 11. Bxf6 Qxf6 12. Nd5 Qd6 13. Nd2 Bf5 14. Rc1 Rac8
15. Nb3 b6 16. Qd2 Be6 17. Qf4 Ne5 18. Ne7+ Qxe7 19. Qxe5 Bxb3 20. Qxe7 Bxe7
21. axb3 Rxc1 22. Rxc1 Bc5 23. Bd5 Rd8 24. Bc4 Kf8 25. Ba6 Rd7 26. Kg2 Ke7 27.
Kf3 Rd6 28. Ke4 Rf6 29. b4 Bxb4 30. Rc7+ Kd6 31. Rc4 Be1 32. Rxd4+ Kc6 33. Rc4+
Kd6 34. f4 Bf2 35. Kf3 Bg1 36. e4 Kd7 37. e5 Rh6 38. h4 Kd8 39. b4 b5 40. Bxb5
Rb6 41. Bc6 Rb8 42. Be4 h6 43. Bd5 f6 44. exf6 gxf6 45. Kg4 Bf2 46. Rc2 Be1 47.
Ra2 Rb5 48. Be6 Rb6 49. Re2 Bxb4 50. Kh5 Rd6 51. Kxh6 Rd3 52. g4 Rd4 53. Kg6
Rxf4 54. h5 f5 55. Bxf5 Bc3 56. h6 Rf1 57. Rc2 Be5 58. Kf7 1-0

[Event "Team men HL chess 2016"]
[Site "Sochi"]
[Date "2016.05.02"]
[Round "2.5"]
[White "Tereshechkina, Maya"]
[Black "Shubin, Kirill"]
[Result "1/2-1/2"]
[WhiteElo "2065"]
[BlackElo "2372"]
[PlyCount "80"]
[EventDate "2016.05.01"]

1. d4 Nf6 2. Nf3 e6 3. c4 b6 4. Nbd2 Bb7 5. e3 c5 6. b3 Be7 7. Be2 O-O 8. O-O
d5 9. Bb2 Nbd7 10. Rc1 Rc8 11. Qc2 Rc7 12. Rfd1 Qa8 13. Qb1 Rfc8 14. Qa1 cxd4
15. Bxd4 Ba3 16. Bb2 Bxb2 17. Qxb2 Nc5 18. cxd5 Bxd5 19. Nc4 Nce4 20. Nd4 e5
21. Nf5 Be6 22. Ncd6 Rxc1 23. Rxc1 Rxc1+ 24. Qxc1 Qd8 25. Qc6 Bxf5 26. Nxf5 g6
27. Qc8 Qxc8 28. Ne7+ Kf8 29. Nxc8 Nc3 30. Kf1 Nxa2 31. Nxa7 Ne4 32. Nc8 Nb4
33. Nxb6 Nd2+ 34. Ke1 Nxb3 35. Nd7+ Kg7 36. Nxe5 Nc5 37. f3 h5 38. Kd2 f6 39.
Nd3 Nbxd3 40. Bxd3 f5 1/2-1/2

[Event "Team men HL chess 2016"]
[Site "Sochi"]
[Date "2016.05.02"]
[Round "2.6"]
[White "Shcherbakov, Ruslan"]
[Black "Demidov, Mikhail"]
[Result "1/2-1/2"]
[WhiteElo "2492"]
[BlackElo "2506"]
[PlyCount "114"]
[EventDate "2016.05.01"]

1. e4 e6 2. d4 d5 3. Nd2 Nc6 4. Ngf3 Nf6 5. e5 Nd7 6. Be2 f6 7. exf6 Qxf6 8.
Nf1 Bd6 9. Ne3 O-O 10. O-O Qg6 11. c4 Nf6 12. c5 Be7 13. Bb5 Bd7 14. Bxc6 Bxc6
15. Ne5 Qe8 16. a4 a5 17. b3 b6 18. cxb6 cxb6 19. Ba3 Bxa3 20. Rxa3 b5 21. Ra1
bxa4 22. bxa4 Rb8 23. Qc2 Bd7 24. Rfb1 Rxb1+ 25. Rxb1 Qc8 26. Qb2 Qc7 27. Qb6
Qxb6 28. Rxb6 Bxa4 29. Ra6 Rb8 30. g4 Nd7 31. Rxe6 Nxe5 32. Rxe5 Bb3 33. Nxd5
a4 34. Nc3 Ra8 35. Rb5 Rc8 36. Ne4 Bd1 37. Ra5 h5 38. gxh5 Rd8 39. Nc3 Rxd4 40.
Nxd1 Rxd1+ 41. Kg2 Rd4 42. Kg3 Kh7 43. Ra6 Rb4 44. f4 Rb3+ 45. Kg4 Rb2 46. h4
Ra2 47. Kf5 Rh2 48. h6 g6+ 49. Rxg6 Rxh4 50. Rg7+ Kxh6 51. Ra7 Rh5+ 52. Kf6 Rb5
53. Ra6 Kh7 54. f5 Rb7 55. Ke6 Kg7 56. Rxa4 Rb6+ 57. Ke5 Kf7 1/2-1/2

[Event "Team men HL chess 2016"]
[Site "Sochi"]
[Date "2016.05.02"]
[Round "2.6"]
[White "Oganian, Miran"]
[Black "Radzhabov, Rodion"]
[Result "1-0"]
[WhiteElo "2445"]
[BlackElo "2172"]
[PlyCount "99"]
[EventDate "2016.05.01"]

1. d4 Nf6 2. c4 e6 3. g3 Bb4+ 4. Bd2 Qe7 5. Nf3 Bxd2+ 6. Qxd2 Nc6 7. Nc3 d5 8.
cxd5 exd5 9. Bg2 O-O 10. O-O Bg4 11. Qf4 Bxf3 12. Bxf3 Rfd8 13. a3 a6 14. Rac1
Na7 15. Na4 Nb5 16. Nc5 c6 17. Rfe1 Nd6 18. Bg2 Re8 19. Rc2 Rad8 20. a4 h6 21.
b3 Nde4 22. Nd3 Ng5 23. Qc1 Nfe4 24. Qb2 Qf6 25. h4 Ne6 26. e3 g5 27. hxg5 hxg5
28. Rcc1 Kg7 29. Qe2 Qf5 30. b4 Rh8 31. b5 axb5 32. axb5 Rh6 33. bxc6 Rdh8 34.
Red1 Qh7 35. Qf3 f5 36. Ne5 g4 37. Nxg4 N6g5 38. Qxe4 dxe4 39. Nxh6 Qxh6 40.
cxb7 Qh2+ 41. Kf1 Rb8 42. Rc7+ Nf7 43. Rdc1 Qh5 44. Ke1 f4 45. R1c5 Qh2 46.
Bxe4 fxg3 47. Rg5+ Kf8 48. Rxg3 Nd6 49. Rh7 Nxe4 50. Rxh2 1-0

[Event "Team men HL chess 2016"]
[Site "Sochi"]
[Date "2016.05.02"]
[Round "2.6"]
[White "Smorchkov, Danil"]
[Black "Geivondian, Arman"]
[Result "0-1"]
[WhiteElo "2017"]
[BlackElo "2405"]
[PlyCount "136"]
[EventDate "2016.05.01"]

1. d4 e6 2. c4 d5 3. Nc3 Be7 4. Nf3 Nf6 5. Bg5 O-O 6. e3 h6 7. Bh4 b6 8. Be2
Bb7 9. cxd5 Nxd5 10. Bxe7 Qxe7 11. O-O Nd7 12. Rc1 c5 13. Qc2 Rac8 14. Nxd5
Bxd5 15. Rfd1 Nf6 16. Ne5 Be4 17. Bd3 Bb7 18. Qa4 cxd4 19. Rxc8 Rxc8 20. Qxd4
Rc5 21. Bc4 b5 22. Bb3 Bd5 23. Nd3 Bxb3 24. axb3 Rd5 25. Qc3 Ne4 26. Qc2 Qd6
27. f3 Nc5 28. Nf2 Rxd1+ 29. Nxd1 Qd3 30. Qxd3 Nxd3 31. Kf1 Nc1 32. b4 Nd3 33.
Nc3 a6 34. Ke2 Nxb4 35. Kd2 f5 36. Ne2 Nc6 37. Kd3 Kf7 38. Nd4 Nb4+ 39. Kd2 Ke7
40. h4 g6 41. g4 e5 42. Ne2 Nc6 43. Ng3 Kf6 44. Kc3 a5 45. gxf5 gxf5 46. f4 e4
47. b3 Ke6 48. h5 Kf6 49. Ne2 Ke7 50. Ng3 Ke6 51. Ne2 Kd7 52. Ng3 Ne7 53. Ne2
Nd5+ 54. Kd4 Kd6 55. Ng3 Ne7 56. Ne2 Nc6+ 57. Kc3 Kc5 58. Ng3 Ne7 59. b4+ axb4+
60. Kb3 Kb6 61. Nf1 Nd5 62. Kb2 Kc6 63. Kc2 b3+ 64. Kb2 Kd6 65. Kxb3 Kc5 66.
Kb2 Kb4 67. Kc2 Ka3 68. Ng3 b4 0-1

[Event "Team men HL chess 2016"]
[Site "Sochi"]
[Date "2016.05.02"]
[Round "2.6"]
[White "Vastrukhin, Oleg"]
[Black "Lushnikov, Sergey"]
[Result "1/2-1/2"]
[WhiteElo "2401"]
[BlackElo "1953"]
[PlyCount "146"]
[EventDate "2016.05.01"]

1. g3 d5 2. Bg2 Nf6 3. c4 c6 4. Nf3 Bg4 5. Qb3 Qb6 6. d3 Nbd7 7. Be3 Qxb3 8.
axb3 a6 9. h3 Bxf3 10. Bxf3 e6 11. O-O Bd6 12. Rc1 O-O 13. Bg2 Rac8 14. Nd2
Rfe8 15. c5 Bc7 16. b4 Re7 17. Nb3 Rce8 18. Bd2 Nf8 19. Bc3 e5 20. e3 N8d7 21.
e4 d4 22. Be1 g6 23. Nd2 Nf8 24. Nc4 Ne6 25. Bd2 Kg7 26. Rf1 g5 27. Bf3 Rd7 28.
Kg2 Rdd8 29. Rh1 h6 30. h4 Rh8 31. Bd1 Kg6 32. Bb3 Nh5 33. Rh2 Rh7 34. Rah1
Rdh8 35. Na3 Bd8 36. Bxe6 fxe6 37. Nc4 Bc7 38. f3 Rf8 39. g4 Nf6 40. Be1 Rfh8
41. Nd2 Nd7 42. Bg3 Bd8 43. Nb3 h5 44. hxg5 hxg4 45. fxg4 Rxh2+ 46. Rxh2 Rxh2+
47. Kxh2 Kxg5 48. Kh3 Bc7 49. Nd2 a5 50. Nf3+ Kg6 51. Be1 Bb8 52. Bd2 axb4 53.
Bxb4 Ba7 54. Kg3 Bxc5 55. Bxc5 Nxc5 56. Nxe5+ Kg5 57. Nf3+ Kg6 58. Ne5+ Kg5 59.
Kf3 Na4 60. b4 Nb2 61. Kg3 b6 62. Nxc6 Nxd3 63. Nxd4 Nxb4 64. Nxe6+ Kf6 65. Nf4
b5 66. Kf3 Nc6 67. Nd3 b4 68. Kf4 b3 69. g5+ Kg6 70. Nb2 Nd4 71. Ke5 Nf3+ 72.
Kd6 Nxg5 73. e5 Kf7 1/2-1/2

[Event "Team men HL chess 2016"]
[Site "Sochi"]
[Date "2016.05.02"]
[Round "2.7"]
[White "Tekeyev, Zaur"]
[Black "Palachev, Petr"]
[Result "0-1"]
[WhiteElo "2350"]
[BlackElo "2403"]
[PlyCount "82"]
[EventDate "2016.05.01"]

1. e4 e6 2. d4 d5 3. Nd2 Be7 4. e5 c5 5. c3 Qb6 6. Ngf3 cxd4 7. Nxd4 Nc6 8.
Nxc6 bxc6 9. Qg4 Kf8 10. Bd3 Ba6 11. c4 Rd8 12. O-O dxc4 13. Bxc4 Rd4 14. Qe2
Rxc4 15. Nxc4 Qd4 16. Be3 Qxc4 17. Qd2 Qd5 18. Qxd5 exd5 19. Rfc1 Bb7 20. Rc3
f6 21. Rb3 Ba6 22. Rb8+ Kf7 23. Rc1 Bb5 24. f4 g5 25. a4 Bxa4 26. Ra1 gxf4 27.
Bd4 c5 28. exf6 cxd4 29. fxe7 Be8 30. Rxa7 Nf6 31. Rb4 Rg8 32. Rxd4 f3 33. g3
Rg4 34. Rxg4 Nxg4 35. Rb7 Ne5 36. Kf2 Bc6 37. Ra7 d4 38. Ra5 Ng4+ 39. Kg1 d3
40. h3 d2 41. e8=Q+ Kxe8 0-1

[Event "Team men HL chess 2016"]
[Site "Sochi"]
[Date "2016.05.02"]
[Round "2.7"]
[White "Mokshanov, Alexey"]
[Black "Bykov, Egor"]
[Result "1/2-1/2"]
[WhiteElo "2425"]
[BlackElo "2330"]
[PlyCount "80"]
[EventDate "2016.05.01"]

1. e4 e6 2. d4 d5 3. e5 c5 4. c3 Nc6 5. Nf3 Qb6 6. a3 Bd7 7. b4 cxd4 8. cxd4
Rc8 9. Be3 Nh6 10. Bd3 Ng4 11. O-O Be7 12. Qe1 f6 13. exf6 Bxf6 14. Nc3 Nxd4
15. Nxd5 Nxf3+ 16. gxf3 Qd6 17. fxg4 Qxd5 18. Rd1 Qf3 19. Be2 Qh3 20. f3 Be5
21. Qf2 Rc2 22. f4 Bb8 23. Qf3 Qxf3 24. Bxf3 b6 25. Rd4 Bb5 26. Rfd1 O-O 27.
Rd8 Bc7 28. Rxf8+ Kxf8 29. Rc1 Rxc1+ 30. Bxc1 a5 31. Kf2 g5 32. f5 exf5 33.
gxf5 h6 34. h4 Bd8 35. hxg5 Bxg5 36. Bb2 axb4 37. axb4 Bd2 38. Bd4 Bxb4 39.
Bxb6 Bc3 40. Ke3 Ke7 1/2-1/2

[Event "Team men HL chess 2016"]
[Site "Sochi"]
[Date "2016.05.02"]
[Round "2.7"]
[White "Nechaev, Oleg"]
[Black "Natacheev, Peter"]
[Result "1/2-1/2"]
[WhiteElo "2343"]
[BlackElo "2361"]
[PlyCount "141"]
[EventDate "2016.05.01"]

1. d4 d5 2. c4 e6 3. Nc3 Nf6 4. cxd5 exd5 5. Bg5 Nbd7 6. e3 c6 7. Bd3 h6 8. Bh4
Bb4 9. Qc2 O-O 10. Nf3 Re8 11. O-O Qa5 12. Rfc1 Bd6 13. a3 a6 14. b4 Qd8 15.
Rab1 Nf8 16. a4 Bg4 17. Nd2 Bd7 18. Nf1 Rc8 19. a5 Be7 20. Bg3 Nh5 21. Na4 Nxg3
22. Nxg3 Bd6 23. Nc5 Rc7 24. Bf5 Bxg3 25. hxg3 Bxf5 26. Qxf5 Ne6 27. Nd3 Ng5
28. Nf4 Ne4 29. Rc2 Rce7 30. Qh5 Qd6 31. Nd3 Qf6 32. Qf3 Qg6 33. Rbc1 Nd6 34.
Nf4 Qe4 35. Qxe4 Rxe4 36. Nd3 R4e7 37. Nc5 Nb5 38. g4 f6 39. Kh2 Kf7 40. Kg3
Nd6 41. Kf3 Kg6 42. Rh1 Nb5 43. Rh5 Kf7 44. Rc1 Nd6 45. Ke2 Ne4 46. Nxe4 Rxe4
47. Kf3 R8e6 48. Rc3 Kg6 49. Kg3 Re7 50. Rh1 Kf7 51. Ra1 R4e6 52. Rc5 Rd6 53.
Kf3 Re4 54. Rc3 Kg6 55. Rh1 Rde6 56. Rd3 Re7 57. Kg3 Kg5 58. Rh5+ Kg6 59. Rf5
Kf7 60. Rh5 Kg6 61. Kf3 Re8 62. g3 R8e7 63. Rh4 Kg5 64. Rc3 Kg6 65. Rh5 Kf7 66.
Rh1 Rd7 67. Rc5 Rde7 68. Ra1 Rd7 69. Rh1 Rde7 70. Rh5 Rd7 71. Rh4 1/2-1/2

[Event "Team men HL chess 2016"]
[Site "Sochi"]
[Date "2016.05.02"]
[Round "2.7"]
[White "Slavin, Alexey"]
[Black "Rozhko, Dmitry"]
[Result "1-0"]
[WhiteElo "2366"]
[BlackElo "2298"]
[PlyCount "97"]
[EventDate "2016.05.01"]

1. d4 d5 2. Nf3 Nf6 3. Bg5 Ne4 4. Bf4 c6 5. Nbd2 Bf5 6. Nxe4 Bxe4 7. e3 e6 8.
Bd3 Bxd3 9. Qxd3 Qb6 10. O-O Nd7 11. c4 Qa6 12. b3 Be7 13. e4 Nf6 14. e5 Nd7
15. Ng5 Nb6 16. Rfc1 h6 17. Nf3 Rd8 18. Qc3 dxc4 19. bxc4 c5 20. a4 g5 21. Be3
g4 22. dxc5 Nxc4 23. Nd4 Nxe3 24. fxe3 Rd5 25. Nb5 Qc6 26. Nd6+ Bxd6 27. exd6
e5 28. Ra2 O-O 29. Qc4 e4 30. Rf2 Kg7 31. Qc3+ f6 32. Rf4 Rg5 33. Qd4 b6 34.
Qxe4 Qxe4 35. Rxe4 bxc5 36. Rd1 Rd8 37. Re7+ Kg6 38. Rxa7 Re5 39. Kf2 Kf5 40.
Rc7 Ke6 41. Re7+ Kf5 42. Ke2 c4 43. Rxe5+ fxe5 44. d7 c3 45. Rd6 Ke4 46. a5 c2
47. Kd2 c1=Q+ 48. Kxc1 Kxe3 49. Rd2 1-0

[Event "Team men HL chess 2016"]
[Site "Sochi"]
[Date "2016.05.02"]
[Round "2.8"]
[White "Eliseev, Urii"]
[Black "Bezgodov, Alexei"]
[Result "1/2-1/2"]
[WhiteElo "2606"]
[BlackElo "2512"]
[PlyCount "65"]
[EventDate "2016.05.01"]

1. e4 e5 2. Nf3 Nf6 3. Nxe5 d6 4. Nf3 Nxe4 5. d4 d5 6. Bd3 Nc6 7. O-O Be7 8.
Nbd2 Bf5 9. Re1 Nxd2 10. Qxd2 Bxd3 11. Qxd3 O-O 12. c3 Qd7 13. Bf4 a6 14. Re3
Rae8 15. Rae1 Bd8 16. Ng5 Bxg5 17. Bxg5 f6 18. Bf4 Re7 19. h3 Rfe8 20. g4 Rxe3
21. Rxe3 Rxe3 22. Qxe3 Ne7 23. f3 Kf7 24. b3 h5 25. Qd3 hxg4 26. hxg4 Ng6 27.
Bg3 c6 28. Kf2 Qe6 29. Qb1 Nf8 30. Qd3 Ng6 31. Qb1 Nf8 32. Qd3 Ng6 33. Qb1
1/2-1/2

[Event "Team men HL chess 2016"]
[Site "Sochi"]
[Date "2016.05.02"]
[Round "2.8"]
[White "Vokarev, Sergey"]
[Black "Paravyan, David"]
[Result "1/2-1/2"]
[WhiteElo "2461"]
[BlackElo "2497"]
[PlyCount "91"]
[EventDate "2016.05.01"]

1. e4 e6 2. d4 d5 3. Nd2 c5 4. Ngf3 cxd4 5. Nxd4 Nf6 6. exd5 Qxd5 7. Nb5 Na6 8.
Nc3 Qd6 9. a3 Bd7 10. Bd3 Nc5 11. Bc4 Na4 12. Nxa4 Bxa4 13. Qe2 Be7 14. b3 Bc6
15. O-O O-O 16. Bb2 Qf4 17. Bd3 Rfd8 18. Rad1 Rac8 19. g3 Qg4 20. Qxg4 Nxg4 21.
Nc4 Bf6 22. Bxf6 gxf6 23. f3 Ne5 24. Nxe5 fxe5 25. Rde1 f6 26. f4 e4 27. Bxe4
Bxe4 28. Rxe4 Rxc2 29. Rf2 Rd1+ 30. Kg2 Rxf2+ 31. Kxf2 Rb1 32. Re3 Kf7 33. g4
a5 34. a4 Rd1 35. Rc3 Rd4 36. Rc4 Rd2+ 37. Ke3 Rxh2 38. Rc7+ Kg6 39. Rxb7 h5
40. gxh5+ Rxh5 41. Rb5 e5 42. fxe5 Rxe5+ 43. Kf4 Rg5 44. Ke4 Kf7 45. Rxg5 fxg5
46. Kf5 1/2-1/2

[Event "Team men HL chess 2016"]
[Site "Sochi"]
[Date "2016.05.02"]
[Round "2.8"]
[White "Iljiushenok, Ilia"]
[Black "Ozgibcev, Anatoly"]
[Result "1/2-1/2"]
[WhiteElo "2499"]
[BlackElo "2375"]
[PlyCount "80"]
[EventDate "2016.05.01"]

1. d4 d5 2. c4 e6 3. Nc3 c5 4. cxd5 exd5 5. Nf3 Nc6 6. dxc5 d4 7. Na4 Bxc5 8.
Nxc5 Qa5+ 9. Bd2 Qxc5 10. Rc1 Qb6 11. e3 Bg4 12. Bc4 Nf6 13. O-O O-O 14. exd4
Bxf3 15. Qxf3 Qxd4 16. Qf4 Rfd8 17. Qxd4 Nxd4 18. Rfd1 Rd7 19. Be3 Rad8 20. Re1
h6 21. f3 Kf8 22. Kf2 b6 23. g4 Ne6 24. Bb5 Rd6 25. Rc6 Rxc6 26. Bxc6 Nd5 27.
Bxd5 Rxd5 28. Rc1 Ke7 29. Rc4 Ra5 30. a3 Rb5 31. b4 a5 32. h4 Kd7 33. h5 f6 34.
f4 Nc7 35. Kf3 Nd5 36. Bd2 axb4 37. axb4 Ne7 38. Rc1 Rd5 39. Be3 Rd3 40. Ke2
Rb3 1/2-1/2

[Event "Team men HL chess 2016"]
[Site "Sochi"]
[Date "2016.05.02"]
[Round "2.8"]
[White "Murzin, Volodar"]
[Black "Arkhipov, Sergey"]
[Result "0-1"]
[WhiteElo "2170"]
[BlackElo "2480"]
[PlyCount "120"]
[EventDate "2016.05.01"]

1. e4 c5 2. Nc3 e6 3. g3 d5 4. d3 Nc6 5. Bg2 Nf6 6. exd5 exd5 7. Nge2 d4 8. Ne4
Nxe4 9. Bxe4 Be7 10. O-O Bg4 11. f3 Bd7 12. Nf4 O-O 13. Re1 Re8 14. a3 Bd6 15.
Bd5 Qb6 16. Re4 Ne7 17. Bb3 Bc6 18. Re1 Qc7 19. Ng2 b6 20. Bf4 Bxf4 21. Nxf4
Nf5 22. Rxe8+ Rxe8 23. Qf1 Ne3 24. Qf2 Qb7 25. c3 Bxf3 26. cxd4 Ng4 27. Qf1
cxd4 28. Re1 Re3 29. h3 Nf6 30. Qf2 Rxe1+ 31. Qxe1 Qc7 32. Kf2 Bb7 33. Qb4 Qd7
34. Ne2 Ba6 35. Qxd4 Bxd3 36. Qxd7 Nxd7 37. Nf4 Bf5 38. g4 Nc5 39. Bd5 Nd3+ 40.
Ke3 Nxf4 41. Kxf4 Be6 42. Be4 f6 43. h4 g6 44. g5 Kg7 45. Bd3 h6 46. Be4 Bc8
47. Bc6 Bf5 48. Bd5 Bd3 49. Ke3 Bf1 50. Kf4 fxg5+ 51. hxg5 h5 52. Be4 Bh3 53.
Ke5 h4 54. Kf4 Kf7 55. Ke5 Bf5 56. Bd5+ Ke7 57. b4 h3 58. Kd4 Kd6 59. Bf3 Bd7
60. Ke3 Bc6 0-1

[Event "Team men HL chess 2016"]
[Site "Sochi"]
[Date "2016.05.02"]
[Round "2.9"]
[White "Tarlev, Konstantin"]
[Black "Triapishko, Olexandr"]
[Result "1-0"]
[WhiteElo "2586"]
[BlackElo "2474"]
[PlyCount "120"]
[EventDate "2016.05.01"]

1. e4 e5 2. Nf3 Nc6 3. Bb5 a6 4. Ba4 d6 5. O-O Bd7 6. c3 Nf6 7. d4 g6 8. Bg5 h6
9. Bxf6 Qxf6 10. d5 Nb8 11. Qb3 Ra7 12. c4 Bg7 13. Qe3 b6 14. Nc3 O-O 15. Ne1
Rb7 16. Bxd7 Nxd7 17. Nd3 b5 18. cxb5 axb5 19. b3 Ra8 20. a4 bxa4 21. bxa4 Bf8
22. Rfb1 Rxb1+ 23. Rxb1 Nc5 24. Nxc5 dxc5 25. Qd3 Qa6 26. Rb5 c6 27. dxc6 Qxc6
28. Qc4 Qd6 29. Rb7 Qe6 30. Qxe6 fxe6 31. Kf1 c4 32. Rb5 Bd6 33. Ke2 Bc7 34.
Kd2 Ba5 35. Rxe5 Kf7 36. Rc5 Bxc3+ 37. Kxc3 Rxa4 38. Kd4 Kf6 39. Rxc4 Ra2 40.
Ke3 Ra3+ 41. Kf4 g5+ 42. Kg4 Kg6 43. f3 Ra2 44. Kg3 h5 45. h4 gxh4+ 46. Kh2 Ra5
47. Rc8 Kf6 48. Rf8+ Ke5 49. Rh8 Kf4 50. Rh6 Re5 51. Kh3 Kg5 52. Rh8 Ra5 53.
Rg8+ Kh6 54. Re8 Re5 55. Kxh4 Kg7 56. Ra8 Rb5 57. f4 Rb2 58. g3 Kg6 59. Kh3 Re2
60. e5 Kg7 1-0

[Event "Team men HL chess 2016"]
[Site "Sochi"]
[Date "2016.05.02"]
[Round "2.9"]
[White "Derevianchenko, Ilia"]
[Black "Sek, Konstantin"]
[Result "0-1"]
[WhiteElo "2308"]
[BlackElo "2450"]
[PlyCount "70"]
[EventDate "2016.05.01"]

1. c4 c5 2. g3 Nf6 3. Nc3 d5 4. cxd5 Nxd5 5. Bg2 Nc7 6. Qa4+ Bd7 7. Qc4 Nc6 8.
Qxc5 Ne6 9. Qc4 Ned4 10. Kf1 Rc8 11. Nf3 Nxf3 12. Bxf3 Ne5 13. Qd5 Nxf3 14.
Qxf3 Bc6 15. e4 g6 16. Kg2 Bg7 17. Rd1 O-O 18. d4 Bxd4 19. Bh6 Re8 20. Nd5 Bh8
21. Nf6+ exf6 22. Rxd8 Rcxd8 23. Re1 f5 24. Qa3 a6 25. Bg5 Rd4 26. Kg1 Bg7 27.
f3 fxe4 28. fxe4 Bxe4 29. Qb3 h6 30. Be3 Bd5 31. Qb6 Rd3 32. Kf1 Re6 33. Qa7
Kh7 34. b3 Bc3 35. Re2 Bf3 0-1

[Event "Team men HL chess 2016"]
[Site "Sochi"]
[Date "2016.05.02"]
[Round "2.9"]
[White "Sin, Denis"]
[Black "Barash, Mikhail"]
[Result "1-0"]
[WhiteElo "2312"]
[BlackElo "2133"]
[PlyCount "41"]
[EventDate "2016.05.01"]

1. d4 e6 2. c4 b6 3. e4 Bb7 4. Bd3 Nf6 5. f3 d5 6. cxd5 exd5 7. e5 Nfd7 8. f4
c5 9. Nf3 Nc6 10. O-O cxd4 11. e6 fxe6 12. Ng5 Nc5 13. Re1 Qf6 14. Nxe6 Nxe6
15. f5 O-O-O 16. Rxe6 Qh4 17. g3 Qh3 18. Bf4 g6 19. Na3 g5 20. Bxg5 Bd6 21. Rh6
1-0

[Event "Team men HL chess 2016"]
[Site "Sochi"]
[Date "2016.05.02"]
[Round "2.9"]
[White "Sshedrin, Iliya"]
[Black "Khokhlova, Daria"]
[Result "0-1"]
[WhiteElo "2150"]
[BlackElo "2204"]
[PlyCount "114"]
[EventDate "2016.05.01"]

1. Nf3 g6 2. c4 Bg7 3. Nc3 Nf6 4. e4 d6 5. d4 O-O 6. d5 c6 7. Be2 Bg4 8. Be3
Nfd7 9. Nd2 Bxe2 10. Qxe2 Na6 11. Rc1 cxd5 12. cxd5 Nac5 13. b4 Na6 14. a3 Rc8
15. Na2 Rxc1+ 16. Nxc1 Nb6 17. O-O Qd7 18. Ncb3 Qa4 19. Rc1 Qxa3 20. b5 Nc5 21.
Bxc5 dxc5 22. Rxc5 Be5 23. g3 Qb4 24. Qd3 Na4 25. Rc1 Nc3 26. Nf3 Bg7 27. Nbd2
Rc8 28. Kg2 Rc5 29. e5 Nxb5 30. Rxc5 Qxc5 31. Ne4 Qb6 32. d6 exd6 33. exd6 Nd4
34. d7 Ne6 35. Nfg5 Nd8 36. Kg1 h6 37. Nh3 a5 38. Nf4 a4 39. Nd5 Qa6 40. Qa3
Qe6 41. Qf3 a3 42. Qxa3 Qxd5 43. Qe7 Nc6 44. Qe8+ Kh7 45. g4 Qd1+ 46. Kg2 Qxg4+
47. Kf1 Qd1+ 48. Kg2 Qd5 49. f3 b5 50. h4 b4 51. h5 b3 52. hxg6+ fxg6 53. d8=Q
Nxd8 54. Qe7 Nf7 55. Qb4 Ng5 56. Nd2 b2 57. Kh2 Qxd2+ 0-1

[Event "Team men HL chess 2016"]
[Site "Sochi"]
[Date "2016.05.02"]
[Round "2.10"]
[White "Rodin, Dmitrij"]
[Black "Grishchenko, Sergey"]
[Result "1-0"]
[WhiteElo "2363"]
[BlackElo "2441"]
[PlyCount "39"]
[EventDate "2016.05.01"]

1. e4 c6 2. d4 d5 3. Nc3 dxe4 4. Nxe4 Nf6 5. Nxf6+ gxf6 6. c3 Bf5 7. Nf3 Nd7 8.
g3 Qa5 9. Bg2 Qa6 10. Bf1 Qa5 11. Bg2 Qa6 12. Bf1 Qb6 13. Bg2 Qb5 14. b3 Bd3
15. c4 Qf5 16. Nh4 Qe6+ 17. Be3 Be4 18. f3 Bh6 19. fxe4 Bxe3 20. Nf5 1-0

[Event "Team men HL chess 2016"]
[Site "Sochi"]
[Date "2016.05.02"]
[Round "2.10"]
[White "Aminov, Andrey"]
[Black "Pogosian, Georgy"]
[Result "1-0"]
[WhiteElo "2324"]
[BlackElo "2184"]
[PlyCount "77"]
[EventDate "2016.05.01"]

1. e4 e6 2. Qe2 Be7 3. Nf3 d5 4. d3 Nf6 5. g3 dxe4 6. dxe4 b6 7. Bg2 Ba6 8. c4
Nc6 9. e5 Nd7 10. O-O O-O 11. Nc3 Bb7 12. Rd1 Qc8 13. Bf4 Rd8 14. a3 Nf8 15. h4
a6 16. h5 h6 17. Ne4 Rxd1+ 18. Rxd1 Qe8 19. Qe3 Rd8 20. Re1 Nh7 21. Bf1 Qf8 22.
b4 a5 23. c5 bxc5 24. bxc5 Rd5 25. Rc1 Qd8 26. Qb3 Ba8 27. Qc3 Nd4 28. Nxd4
Rxd4 29. Nd6 Rd5 30. Bg2 Bg5 31. c6 Bxf4 32. gxf4 cxd6 33. Bxd5 exd5 34. c7 Qc8
35. Qh3 f5 36. exf6 Qxh3 37. c8=Q+ Qxc8 38. Rxc8+ Kf7 39. fxg7 1-0

[Event "Team men HL chess 2016"]
[Site "Sochi"]
[Date "2016.05.02"]
[Round "2.10"]
[White "Zaika, Daniil"]
[Black "Popov, Kirill"]
[Result "1/2-1/2"]
[WhiteElo "2077"]
[BlackElo "2286"]
[PlyCount "108"]
[EventDate "2016.05.01"]

1. d4 Nf6 2. Nf3 g6 3. c4 Bg7 4. Nc3 d6 5. e4 O-O 6. Be2 c6 7. O-O a6 8. h3 b5
9. Qb3 Nbd7 10. e5 dxe5 11. dxe5 Nc5 12. Qa3 Nfd7 13. Be3 Ne6 14. cxb5 cxb5 15.
Nd5 Bb7 16. Nxe7+ Kh8 17. Rfd1 Qe8 18. Qd6 Rd8 19. Nc6 Rc8 20. Na5 Bxf3 21.
Bxf3 Nxe5 22. Bb7 Rc2 23. Qa3 b4 24. Qxb4 Rxb2 25. Qa3 Qb5 26. Rac1 Qb4 27.
Qxb4 Rxb4 28. Bd5 Ra4 29. Nb7 g5 30. Bb3 Rb4 31. Nc5 Nf4 32. Bxf4 gxf4 33. Nxa6
Rb6 34. Nc7 f3 35. g3 Rh6 36. h4 Nc6 37. Nb5 f5 38. Bd5 Ne5 39. Nc7 Rb8 40. Ne6
Bf6 41. Nd4 f4 42. Nxf3 Nxf3+ 43. Bxf3 fxg3 44. fxg3 Be5 45. Kf2 Rg8 46. g4
Rxh4 47. Rh1 Rxh1 48. Rxh1 Rg7 49. a4 Ra7 50. Bd1 Kg7 51. Rh5 Ra5 52. Ke2 Bc7
53. Rxa5 Bxa5 54. Kd3 h5 1/2-1/2

[Event "Team men HL chess 2016"]
[Site "Sochi"]
[Date "2016.05.02"]
[Round "2.11"]
[White "Vavulin, Maksim"]
[Black "Taysayev, Timur"]
[Result "1-0"]
[WhiteElo "2474"]
[BlackElo "2231"]
[PlyCount "77"]
[EventDate "2016.05.01"]

1. e4 c5 2. Nf3 e6 3. b3 Nf6 4. e5 Nd5 5. Bb2 Nc6 6. g3 b6 7. Bg2 Bb7 8. O-O
Be7 9. c4 Nc7 10. Nc3 O-O 11. Ne4 Ne8 12. d4 cxd4 13. Nxd4 Nxe5 14. Nxe6 dxe6
15. Bxe5 Qc8 16. Qh5 f6 17. Bb2 Nd6 18. Rfe1 Nxe4 19. Bxe4 Bxe4 20. Rxe4 g6 21.
Qe2 e5 22. h4 Qh3 23. Qf3 Rad8 24. Ree1 Rd7 25. Rad1 Rfd8 26. Rxd7 Qxd7 27. Kg2
Qd2 28. Re2 Qd1 29. h5 Qb1 30. Qb7 Bf8 31. Qxa7 Rd1 32. Qa8 Kf7 33. Qb7+ Kg8
34. Qf3 Rh1 35. Qd5+ Kg7 36. Rxe5 fxe5 37. Bxe5+ Kh6 38. Bf4+ Kg7 39. h6+ 1-0

[Event "Team men HL chess 2016"]
[Site "Sochi"]
[Date "2016.05.02"]
[Round "2.11"]
[White "Nazaretyan, Tigran"]
[Black "Savenkov, Konstantin"]
[Result "1/2-1/2"]
[WhiteElo "2316"]
[BlackElo "2381"]
[PlyCount "209"]
[EventDate "2016.05.01"]

1. d4 Nf6 2. c4 g6 3. Nc3 Bg7 4. e4 d6 5. Be2 O-O 6. Nf3 e5 7. Be3 Ng4 8. Bg5
f6 9. Bc1 f5 10. exf5 exd4 11. Bg5 Qd7 12. Nxd4 Nxf2 13. Kxf2 Bxd4+ 14. Qxd4
Qxf5+ 15. Bf3 Qxg5 16. Rhe1 Nc6 17. Qd5+ Qxd5 18. Nxd5 Ne5 19. Nxc7 Nd3+ 20.
Kg3 Nxe1 21. Rxe1 Rb8 22. Re7 Bf5 23. b4 a6 24. a4 b6 25. Bc6 a5 26. b5 Bc2 27.
Na6 Rbc8 28. Rb7 Bxa4 29. Rxb6 Bb3 30. c5 dxc5 31. Nxc5 Bc4 32. Nd7 Rf5 33. Rb7
Kh8 34. h4 a4 35. Ra7 a3 36. Nb6 Bxb5 37. Nxc8 Bxc6 38. Rxa3 Rc5 39. Ne7 Bb7
40. Rb3 Rc7 41. Re3 Kg7 42. h5 Kf7 43. hxg6+ hxg6 44. Nxg6 Kxg6 45. Rb3 Kf6 46.
Kh2 Ke5 47. Rh3 Rc2 48. Rg3 Kf4 49. Rg8 Bd5 50. Rg6 Rc7 51. Rf6+ Ke3 52. g4
Rc2+ 53. Kg3 Rg2+ 54. Kh4 Bf3 55. Re6+ Kf2 56. Rg6 Rg1 57. Rg8 Rh1+ 58. Kg5
Bxg4 59. Re8 Bf3 60. Kf4 Rh4+ 61. Kg5 Ra4 62. Re5 Kg3 63. Kf5 Rh4 64. Kg5 Be4
65. Rc5 Rg4+ 66. Kf6 Kf4 67. Rc1 Rg6+ 68. Kf7 Rd6 69. Ke7 Ra6 70. Rc5 Bf5 71.
Rc4+ Ke5 72. Rc5+ Ke4 73. Rc1 Kd5 74. Rc7 Be4 75. Rc1 Ke5 76. Re1 Ra7+ 77. Ke8
Kd5 78. Kf8 Bf5 79. Re7 Ra1 80. Kf7 Rf1 81. Re3 Be6+ 82. Kg6 Bf5+ 83. Kg5 Be4
84. Ra3 Ke5 85. Ra5+ Bd5 86. Rb5 Ra1 87. Kg4 Rg1+ 88. Kh5 Kd4 89. Ra5 Be4 90.
Kh6 Rg6+ 91. Kh5 Ke3 92. Rg5 Rb6 93. Kg4 Bf3+ 94. Kg3 Re6 95. Rg7 Re5 96. Rg8
Rf5 97. Rg7 Rh5 98. Rg8 Rh1 99. Rg5 Ke4 100. Ra5 Rg1+ 101. Kf2 Rg2+ 102. Ke1
Re2+ 103. Kf1 Kf4 104. Ra7 Rb2 105. Ke1 1/2-1/2